[Event "Women's Speed Chess Q2"]
[Site "chess.com INT"]
[Date "2021.05.29"]
[Round "13"]
[White "Narva, Mai"]
[Black "Rakshitta, Ravi"]
[Result "1/2-1/2"]
[WhiteTitle "WIM"]
[BlackTitle "WIM"]
[WhiteElo "2276"]
[BlackElo "2190"]
[WhiteFideId "4500512"]
[BlackFideId "25073230"]
[EventDate "2021.05.29"]

1. e4 e5 2. Nc3 Nf6 3. f4 d5 4. fxe5 Nxe4 5. Qf3 Nxc3 6. dxc3 Be7 7. Bf4 Be6 8.
O-O-O c5 9. c4 d4 10. Qxb7 Nd7 11. Bd3 Rb8 12. Qe4 Qb6 13. b3 Qb4 14. Nf3 Rb6
15. a4 Qc3 16. Nd2 Nb8 17. Nb1 Qa1 18. Rhg1 Nc6 19. g4 Nb4 20. Qa8+ Bd8 21. Bg5
f6 22. exf6 O-O 23. Qxa7 Rxf6 24. Bxf6 Bxf6 25. g5 Bd8 26. Qa8 Rd6 27. Qe4 g6
28. Qe5 Ba5 29. c3 Na2+ 30. Kd2 dxc3+ 31. Ke3 Rd8 32. Qxe6+ Kh8 33. Qf6+ Kg8 34.
Qxd8+ Bxd8 35. Bc2 Be7 36. Rg2 Qb2 37. a5 Nb4 38. a6 Nxc2+ 39. Ke4 Qxb3 40. a7
Qb7+ 41. Kf4 Qxg2 42. Rd5 Qf2+ 43. Ke4 Qg2+ 44. Kf4 Bd6+ 45. Rxd6 Qa8 46. Rd7
Nb4 47. Nxc3 Nc6 48. Nd5 Nxa7 49. Nf6+ Kf8 50. Nxh7+ Ke8 51. Nf6+ Kf8 52. Nh7+
Ke8 53. Nf6+ Kf8 54. Nh7+ 1/2-1/2

[Event "Women's Speed Chess Q2"]
[Site "chess.com INT"]
[Date "2021.05.29"]
[Round "13"]
[White "Morris-Suzuki, Sophie"]
[Black "Buksa, Nataliya"]
[Result "0-1"]
[WhiteTitle "WFM"]
[BlackTitle "IM"]
[WhiteElo "2043"]
[BlackElo "2414"]
[WhiteFideId "30922615"]
[BlackFideId "14123622"]
[EventDate "2021.05.29"]

1. e4 c5 2. Nf3 Nc6 3. d4 cxd4 4. Nxd4 Nf6 5. Nc3 e5 6. Ndb5 d6 7. Bg5 a6 8. Na3
b5 9. Bxf6 gxf6 10. Nd5 f5 11. g3 fxe4 12. Bg2 Be6 13. O-O Bg7 14. Bxe4 O-O 15.
Ne3 Rc8 16. Qh5 h6 17. Rad1 Ne7 18. Nf5 Nxf5 19. Bxf5 Bxf5 20. Qxf5 b4 21. Nb1
Qe7 22. Rd5 Rc5 23. Rfd1 e4 24. Rxc5 dxc5 25. Re1 Qe5 26. Qxe4 Qxe4 27. Rxe4
Bxb2 28. Nd2 Rd8 29. Nb3 Rd1+ 30. Kg2 Bd4 31. Kf3 a5 32. Ke2 Rb1 33. Re8+ Kg7
34. Ra8 Rb2 35. Rxa5 Rxc2+ 36. Kd3 Rxf2 37. Nxc5 Bxc5 38. Rxc5 Rxh2 39. Ra5 Rg2
40. Kc4 Rxg3 41. Kxb4 Kg6 42. a4 h5 43. Ra8 Rg4+ 44. Kc5 Re4 45. Kd5 Rb4 46. a5
h4 47. a6 Kg7 48. Kc5 Ra4 49. Kb5 Ra1 50. Ra7 h3 51. Ra8 h2 52. Rc8 h1=Q 53. Kb6
Qb1+ 54. Kc7 Rxa6 55. Rd8 Ra7+ 56. Kd6 Qb6+ 57. Ke5 Qxd8 58. Kf4 Re7 59. Kg4 Qd6
60. Kh4 Qf6+ 61. Kh3 Re5 62. Kh2 Rg5 63. Kh1 Qh6# 0-1

[Event "Women's Speed Chess Q2"]
[Site "chess.com INT"]
[Date "2021.05.29"]
[Round "13"]
[White "Daulyte-Cornette, Deimante"]
[Black "Arpita, Mukherjee"]
[Result "0-1"]
[WhiteTitle "IM"]
[BlackTitle "WIM"]
[WhiteElo "2387"]
[BlackElo "2206"]
[WhiteFideId "12802859"]
[BlackFideId "5056403"]
[EventDate "2021.05.29"]

1. e4 c5 2. Nc3 a6 3. g3 b5 4. Bg2 Bb7 5. Nge2 b4 6. Na4 e6 7. d4 cxd4 8. Nxd4
Nf6 9. O-O Be7 10. Re1 d6 11. e5 Nd5 12. Nf5 O-O 13. Nxe7+ Qxe7 14. exd6 Qxd6
15. Bf4 Qd8 16. Nc5 Bc6 17. Bd2 Nd7 18. Ne4 h6 19. a3 bxa3 20. Rxa3 Ne5 21. Ba5
Qb8 22. Qd4 Ng6 23. Rb3 Qa7 24. Qxa7 Rxa7 25. c4 Nde7 26. Rd1 Rc8 27. Rc3 Bxe4
28. Bxe4 f5 29. Bg2 Ne5 30. Rd8+ Rxd8 31. Bxd8 Rd7 32. Ba5 N7c6 33. Bb6 Rd1+ 34.
Bf1 Rb1 35. f4 Ng4 36. h3 Nf6 37. Rc2 Ne4 38. Be3 Nxg3 39. Rc1 Rxb2 40. c5 Ne4
41. Bg2 Kf7 42. Rd1 Ke7 43. Bd4 Nxd4 44. Rxd4 Nxc5 45. Rc4 Nd3 46. Rc7+ Kf6 47.
Rc6 Nxf4 48. Rxa6 Rxg2+ 49. Kf1 Rg3 50. h4 Rg4 51. h5 Nxh5 52. Ra8 Nf4 53. Rf8+
Ke5 54. Rg8 h5 55. Rh8 h4 56. Ra8 h3 57. Ra5+ Kf6 58. Ra2 Rg2 0-1

[Event "Women's Speed Chess Q2"]
[Site "chess.com INT"]
[Date "2021.05.29"]
[Round "13"]
[White "Von Herman, Brigitte"]
[Black "Komiagina, Maria"]
[Result "0-1"]
[WhiteTitle "WFM"]
[BlackTitle "WIM"]
[WhiteElo "1991"]
[BlackElo "2241"]
[WhiteFideId "4628730"]
[BlackFideId "4153987"]
[EventDate "2021.05.29"]

1. e4 c5 2. c3 d5 3. exd5 Qxd5 4. d4 Nf6 5. Nf3 e6 6. Bd3 Be7 7. O-O O-O 8. Re1
Rd8 9. Be3 cxd4 10. cxd4 Nc6 11. Nc3 Qh5 12. a3 Bd7 13. Qe2 Be8 14. Rad1 h6 15.
h3 Bd6 16. Bb1 Ne7 17. Qc2 Nf5 18. Ne4 Nxe4 19. Qxe4 Bc6 20. Qg4 Qxg4 21. hxg4
Nxe3 22. Rxe3 Bf4 23. Rc3 Rac8 24. Ba2 Ba4 25. Rxc8 Rxc8 26. b3 Bd7 27. g3 Bd6
28. b4 Rc2 29. Bb1 Rb2 30. Ne5 Bb5 31. Be4 b6 32. Nd3 Ra2 33. d5 e5 34. Ne1 Rxa3
35. Rc1 g6 36. Nf3 Rb3 37. Ra1 a6 38. Rc1 Rxb4 39. Rc8+ Kg7 40. g5 h5 41. Bc2 e4
42. Ne1 Rc4 43. Rxc4 Bxc4 44. Bxe4 a5 45. Nc2 a4 46. Nd4 a3 47. Nc2 a2 48. Kg2
Be5 49. f4 Bc3 50. Bd3 Bxd3 51. Na1 Bxa1 52. g4 hxg4 53. d6 Bf5 54. d7 Bxd7 55.
Kg3 Bf5 56. Kf2 Bb2 57. Kg3 a1=Q 58. Kf2 Qb1 59. Kg3 Qc2 60. Kh4 Qh2# 0-1

[Event "Women's Speed Chess Q2"]
[Site "chess.com INT"]
[Date "2021.05.29"]
[Round "13"]
[White "Sviridova, Vlada"]
[Black "Antolak, Julia"]
[Result "1-0"]
[WhiteTitle "WFM"]
[BlackTitle "WIM"]
[WhiteElo "2144"]
[BlackElo "2306"]
[WhiteFideId "24109606"]
[BlackFideId "1159569"]
[EventDate "2021.05.29"]

1. d4 Nf6 2. c4 c5 3. d5 b5 4. cxb5 a6 5. bxa6 g6 6. g3 Bg7 7. Nf3 O-O 8. Bg2 d6
9. O-O Nxa6 10. Nc3 Bf5 11. Nh4 Bd7 12. Bd2 Qb6 13. Qc1 Rab8 14. Rb1 Rfc8 15. h3
Nb4 16. Kh2 Ne8 17. a3 Na6 18. b3 Nec7 19. f4 Nb5 20. e3 Nac7 21. Rd1 Nxc3 22.
Bxc3 Bxc3 23. Qxc3 Nb5 24. Qc1 Qa5 25. a4 Nc3 26. Qd2 Ra8 27. Rbc1 Nxd1 28. Qxd1
Rcb8 29. f5 Qb4 30. fxg6 hxg6 31. Qf3 Qxb3 32. Rf1 Rf8 33. Qf4 Qc3 34. Qg5 Qe5
35. Qh6 Bxa4 36. Rf4 Bd7 37. Re4 Qg7 38. Qg5 e6 39. dxe6 Bxe6 40. Rf4 Ra2 41. g4
Rb8 42. Kg3 Rbb2 43. Rf6 Re2 44. Bf3 Rxe3 45. Nxg6 Rxf3+ 46. Kxf3 fxg6 47. Rxg6
Ra3+ 48. Kf2 Ra2+ 49. Kg3 Ra3+ 50. Kh4 Qxg6 51. Qxg6+ Kf8 52. Qxe6 1-0

[Event "Women's Speed Chess Q2"]
[Site "chess.com INT"]
[Date "2021.05.29"]
[Round "13"]
[White "Nandhidhaa, P V"]
[Black "Froewis, Annika"]
[Result "1/2-1/2"]
[WhiteTitle "WGM"]
[BlackTitle "WFM"]
[WhiteElo "2365"]
[BlackElo "2143"]
[WhiteFideId "5050847"]
[BlackFideId "1621432"]
[EventDate "2021.05.29"]

1. e4 e5 2. Nf3 Nc6 3. Nc3 Nf6 4. Bb5 Bb4 5. O-O O-O 6. d3 Bxc3 7. bxc3 d6 8.
Nd2 Ne7 9. f4 exf4 10. Rxf4 Ng6 11. Rf1 d5 12. Ba3 a6 13. Bxf8 axb5 14. Bc5 dxe4
15. Bd4 exd3 16. Bxf6 gxf6 17. Ne4 f5 18. Ng3 f4 19. Ne4 Be6 20. cxd3 Rxa2 21.
Rxa2 Bxa2 22. Qa1 Bd5 23. Qe1 Bc6 24. d4 Kg7 25. Qe2 Qd5 26. Nc5 b4 27. Qf3 Qxf3
28. gxf3 bxc3 29. Rc1 Bxf3 30. Rxc3 Bd5 31. Nd3 b6 32. Rxc7 Be4 33. Ne5 Nxe5 34.
dxe5 b5 35. Kf2 Bd5 36. Rc5 Bc4 37. Kf3 Kg6 38. Kxf4 Bf1 39. Rc6+ Kg7 40. Rb6
Bc4 41. Rd6 Be6 42. Rd4 Bc4 43. Rd6 Be6 44. Rb6 Bc4 45. Ke4 Be6 46. Kd4 Bc4 47.
Ke4 Be6 48. Rxb5 Bd7 49. Rb6 Be6 50. Kf4 Bc4 51. h4 h6 52. Rd6 Be6 53. Rb6 Bc4
54. Ke4 Be6 55. Kf4 Bc4 1/2-1/2

[Event "Women's Speed Chess Q2"]
[Site "chess.com INT"]
[Date "2021.05.29"]
[Round "13"]
[White "Girya, Olga"]
[Black "Pourkashiyan, Atousa"]
[Result "0-1"]
[WhiteTitle "WGM"]
[BlackTitle "WGM"]
[WhiteElo "2451"]
[BlackElo "2322"]
[WhiteFideId "4195752"]
[BlackFideId "12502014"]
[EventDate "2021.05.29"]

1. d4 Nf6 2. c4 e6 3. Nf3 d5 4. Nc3 Be7 5. Bg5 O-O 6. e3 Nbd7 7. Rc1 c6 8. Bd3
dxc4 9. Bxc4 Nd5 10. Bxe7 Qxe7 11. O-O Nxc3 12. Rxc3 b6 13. Bd3 Bb7 14. Be4 Rac8
15. Qc2 Nf6 16. Bxc6 Nd5 17. Bxd5 Rxc3 18. bxc3 Bxd5 19. e4 Bb7 20. Nd2 Rc8 21.
Rc1 Qa3 22. Nb3 a5 23. f3 Ba6 24. Nd2 Bd3 25. Qd1 Rxc3 26. Nb3 Rxc1 27. Qxc1
Qxc1+ 28. Nxc1 Bc4 29. Kf2 Kf8 30. Ke3 Ke7 31. Kd2 b5 32. a3 Kd6 33. g3 h5 34.
f4 f6 35. Kc3 Kc6 36. a4 Bf1 37. axb5+ Kxb5 38. Nb3 a4 39. Nd2 Be2 40. Nb1 Bf3
41. Na3+ Kc6 42. Kd3 Bd1 43. Kd2 Bf3 44. Ke3 Bd1 45. Kd3 g5 46. fxg5 fxg5 47. h4
gxh4 48. gxh4 Bb3 49. Kc3 Bd1 50. Kd3 Kb6 51. Ke3 Ka5 52. Kd2 Bg4 53. Kc3 Bf3
54. Nc4+ Kb5 55. Na3+ Kb6 56. Kd3 Ka5 57. Ke3 Bg4 58. d5 exd5 59. exd5 Kb4 60.
Nc2+ Kb3 61. Nd4+ Kb2 62. Nb5 a3 63. Nxa3 Kxa3 64. Kf4 Kb4 0-1

[Event "Women's Speed Chess Q2"]
[Site "chess.com INT"]
[Date "2021.05.29"]
[Round "13"]
[White "Pham, Le Thao Nguyen"]
[Black "Bivol, Alina"]
[Result "1-0"]
[WhiteTitle "IM"]
[BlackTitle "WGM"]
[WhiteElo "2369"]
[BlackElo "2385"]
[WhiteFideId "12401226"]
[BlackFideId "4100123"]
[EventDate "2021.05.29"]

1. d4 Nf6 2. Nf3 g6 3. g3 Bg7 4. Bg2 O-O 5. O-O d5 6. c3 Bf5 7. Bf4 Nbd7 8. Nbd2
Ne4 9. Nxe4 Bxe4 10. Qb3 b6 11. a4 c5 12. Rfd1 h6 13. a5 g5 14. Be3 c4 15. Qb4
f5 16. Ne1 Bxg2 17. Nxg2 bxa5 18. Rxa5 Nf6 19. h4 Rb8 20. Qa3 Rb3 21. Qa1 Rxb2
22. hxg5 Ng4 23. gxh6 Bxh6 24. Bxh6 Nxh6 25. Rxd5 Qxd5 26. Qxb2 Ng4 27. Qd2 Rf6
28. Qg5+ Kf7 29. Qh5+ Kg7 30. Rb1 Qe4 31. Rb2 Rh6 32. Qg5+ Rg6 33. Qf4 Qd5 34.
Nh4 Rf6 35. f3 Nh6 36. Rb8 Nf7 37. Kf2 a5 38. Rc8 a4 39. Rc5 Qb7 40. Nxf5+ Kf8
41. Qg4 Ke8 42. Rxc4 a3 43. Rb4 Qc7 44. Qg8+ Kd7 45. Qa8 Rb6 46. Qa4+ Ke6 47.
Qb3+ Kxf5 48. Rxb6 a2 49. Rb5+ e5 50. Qxa2 Qxc3 51. Qb1+ Kf6 52. dxe5+ Nxe5 53.
Qe4 Qc7 54. Rxe5 Qxe5 55. Qxe5+ Kxe5 56. Ke3 1-0

[Event "Women's Speed Chess Q2"]
[Site "chess.com INT"]
[Date "2021.05.29"]
[Round "13"]
[White "Cyfka, Karina"]
[Black "Varshini, V"]
[Result "1-0"]
[WhiteTitle "IM"]
[BlackTitle "WGM"]
[WhiteElo "2415"]
[BlackElo "2226"]
[WhiteFideId "1122681"]
[BlackFideId "5091241"]
[EventDate "2021.05.29"]

1. d4 d5 2. c4 e6 3. Nc3 Nf6 4. Nf3 Be7 5. Bf4 O-O 6. Rc1 c6 7. e3 b6 8. h3 Bb7
9. Bd3 Nbd7 10. O-O a6 11. b3 c5 12. Ne5 Ne4 13. f3 Nxc3 14. Rxc3 cxd4 15. exd4
Nxe5 16. Bxe5 dxc4 17. Bxc4 b5 18. Be2 Rc8 19. Rxc8 Qxc8 20. Qd2 Qd7 21. Rc1 Rc8
22. Rxc8+ Qxc8 23. Bd3 h6 24. Bb1 f6 25. Bg3 Qd7 26. Qd3 f5 27. Be5 Kf7 28. Qc3
Qc6 29. Qxc6 Bxc6 30. Kf2 Bf6 31. f4 Ke7 32. g3 Bd5 33. Ke3 b4 34. Bd3 a5 35.
Bb5 Kf7 36. Kd3 Ke7 37. Ke3 Kd8 38. g4 Bxe5 39. dxe5 fxg4 40. hxg4 g6 41. Bd3 h5
42. g5 h4 43. Kf2 a4 44. bxa4 Bxa2 45. Bxg6 b3 46. Kf3 b2 47. Kg4 b1=Q 48. Bxb1
Bxb1 49. Kxh4 Bg6 50. a5 Kc7 51. f5 exf5 52. Kg3 Kc6 53. Kf4 Kb5 54. e6 Kxa5 55.
Ke5 Kb6 56. Kf6 Be8 57. Kxf5 Kc6 58. g6 Kd6 59. g7 1-0

[Event "Women's Speed Chess Q2"]
[Site "chess.com INT"]
[Date "2021.05.29"]
[Round "13"]
[White "Kanyamarala, Trisha"]
[Black "Grigoryan, Meri"]
[Result "0-1"]
[WhiteTitle "WIM"]
[BlackTitle "WFM"]
[WhiteElo "2180"]
[BlackElo "2044"]
[WhiteFideId "45004722"]
[BlackFideId "13300571"]
[EventDate "2021.05.29"]

1. e4 e5 2. Nf3 Nc6 3. Bc4 Nf6 4. d3 Bc5 5. O-O O-O 6. c3 d6 7. Re1 Bg4 8. Bg5
h6 9. Bh4 Na5 10. Bb3 Nxb3 11. axb3 c6 12. Nbd2 Re8 13. Nf1 d5 14. h3 Bxf3 15.
Qxf3 g5 16. Bg3 d4 17. Nd2 Kg7 18. Nc4 Bd6 19. cxd4 Bb4 20. dxe5 Bxe1 21. exf6+
Qxf6 22. Qxf6+ Kxf6 23. Rxe1 Red8 24. Rd1 b5 25. Ne5 Rac8 26. Ng4+ Kg6 27. Rc1
c5 28. Kf1 h5 29. Ne5+ Kg7 30. Ke2 f6 31. Nf3 a5 32. Nd2 Rd4 33. f3 Rcd8 34.
Rxc5 Rxd3 35. Rc7+ Kg6 36. Rc2 h4 37. Bf2 a4 38. bxa4 bxa4 39. Be3 a3 40. bxa3
Rxa3 41. Rc6 Rad3 42. e5 Ra3 43. Rxf6+ Kh5 44. Rf5 Rg8 45. Ne4 Ra2+ 46. Bd2 Kg6
47. Rxg5+ Kf7 48. e6+ Kf8 49. Rc5 Ke7 50. Ng5 Rd8 51. Rc7+ Kf6 52. Rf7+ Ke5 53.
f4+ Kd4 54. e7 Re8 55. Nf3+ Kc5 56. Kd3 Kd6 57. Bb4+ Kd7 58. Ne5+ Ke6 59. Rf8
Rxe7 0-1

[Event "Women's Speed Chess Q2"]
[Site "chess.com INT"]
[Date "2021.05.29"]
[Round "13"]
[White "Swati, Mohota"]
[Black "Eswaran, Aksithi"]
[Result "1-0"]
[WhiteTitle "WFM"]
[BlackTitle "WCM"]
[WhiteElo "2027"]
[BlackElo "1745"]
[WhiteFideId "5006511"]
[BlackFideId "2083485"]
[EventDate "2021.05.29"]

1. d4 d5 2. Nf3 Nf6 3. g3 e6 4. Bg2 c5 5. c3 Nc6 6. O-O Be7 7. Nbd2 O-O 8. Re1
cxd4 9. cxd4 Bd6 10. e4 dxe4 11. Nxe4 Nxe4 12. Rxe4 Be7 13. b3 Bf6 14. Bb2 Qb6
15. Ne5 Rd8 16. Nxc6 bxc6 17. Qc2 Bb7 18. Rd1 Rac8 19. Re2 Ba6 20. Red2 Rd7 21.
Qc5 Bb7 22. Qxb6 axb6 23. f4 Rcd8 24. Kf2 Rd6 25. Ke3 Ba6 26. Be4 Kf8 27. Ba3
Ke8 28. Bxd6 Rxd6 29. Rc1 Kd7 30. Rcc2 Bb5 31. a4 Ba6 32. g4 h6 33. Bf3 g6 34.
b4 Bg7 35. Be2 Bb7 36. b5 f5 37. bxc6+ Bxc6 38. gxf5 exf5 39. Bb5 Re6+ 40. Kf2
Bxb5 41. axb5 Rd6 42. d5 Bf6 43. Rc6 Bh4+ 44. Kf3 Be7 45. Rxd6+ Kxd6 46. Ke3 Bf6
47. Kd3 Kxd5 48. Rc2 Be7 49. Rc6 Bd6 50. Rxb6 Bxf4 51. Rxg6 Kc5 52. Rf6 Kxb5 53.
Rxf5+ Kc6 54. Rxf4 Kd6 55. Rh4 Ke6 56. Rxh6+ Kf5 57. Rc6 Kg5 58. Ke3 Kh4 59. Kf2
Kh3 60. Kg1 Kg4 61. Kg2 Kh4 62. h3 Kh5 63. Kg3 Kg5 64. h4+ Kh5 65. Rc5+ Kg6 66.
Kg4 Kh6 67. h5 Kg7 68. Kg5 Kh7 69. Rc7+ Kg8 70. Kg6 Kh8 71. Rc8# 1-0

[Event "Women's Speed Chess Q2"]
[Site "chess.com INT"]
[Date "2021.05.29"]
[Round "13"]
[White "Smirnova, Ekaterina"]
[Black "Obregon Garcia, Roxangel"]
[Result "1-0"]
[WhiteTitle "WIM"]
[BlackTitle "WIM"]
[WhiteElo "2240"]
[BlackElo "2167"]
[WhiteFideId "4110943"]
[BlackFideId "3520420"]
[EventDate "2021.05.29"]

1. d4 d5 2. c4 c6 3. Nc3 Nf6 4. Nf3 e6 5. e3 Nbd7 6. Qc2 Bd6 7. Bd3 O-O 8. b3 b6
9. O-O Bb7 10. Bb2 Rc8 11. Qe2 c5 12. Rac1 Qe7 13. Rfd1 Rfe8 14. h3 h6 15. cxd5
exd5 16. Bf5 Bb8 17. Bb1 Ne4 18. dxc5 Nxc3 19. Bxc3 Nxc5 20. Bd4 Ne4 21. Qb2 f6
22. Rxc8 Rxc8 23. Rc1 Rxc1+ 24. Qxc1 Qd6 25. a3 Ng5 26. Qc2 Nxf3+ 27. gxf3 Qh2+
28. Kf1 Ba6+ 29. Ke1 Qg1+ 30. Kd2 Qxf2+ 31. Kc1 Qxc2+ 32. Bxc2 Be2 33. f4 Kf7
34. Kd2 Bf3 35. a4 h5 36. Bf5 h4 37. b4 g6 38. Bc8 f5 39. a5 bxa5 40. bxa5 Bg2
41. Bb7 Ke6 42. Bc8+ Ke7 43. Bc5+ Kf7 44. Bb7 Kg7 45. Ke2 Bxh3 46. Bxd5 Bg4+ 47.
Kf2 Bd1 48. e4 fxe4 49. Bxe4 Bxf4 50. Bxa7 Bc7 51. Bb6 Bb8 52. a6 g5 53. a7 Bxa7
54. Bxa7 g4 55. Bd4+ Kh6 56. Bf6 Kh5 57. Bd8 Bb3 58. Bc6 Be6 59. Be8+ Kh6 60.
Bxh4 g3+ 61. Kxg3 Kg7 62. Be7 Bf7 63. Bd7 Bd5 64. Kf4 Kf7 65. Bd6 Bb3 66. Ke5
Ba2 67. Bg4 Kg6 68. Be7 Bb3 69. Bf5+ Kh5 70. Kf4 Ba2 71. Bg5 Bb3 72. Bd7 Bc4 73.
Be8+ Bf7 74. Bxf7# 1-0

[Event "Women's Speed Chess Q2"]
[Site "chess.com INT"]
[Date "2021.05.29"]
[Round "13"]
[White "Vantika, Agrawal"]
[Black "Sukandar, Irine Kharisma"]
[Result "1-0"]
[WhiteTitle "WIM"]
[BlackTitle "IM"]
[WhiteElo "2286"]
[BlackElo "2413"]
[WhiteFideId "25050389"]
[BlackFideId "7101937"]
[EventDate "2021.05.29"]

1. d4 c5 2. d5 e5 3. e4 d6 4. Nc3 g6 5. h4 h5 6. Nf3 Bg4 7. Bb5+ Nd7 8. a4 a6 9.
Bd3 Be7 10. g3 f5 11. Be2 Ngf6 12. Ng5 Nf8 13. f3 Qd7 14. fxg4 hxg4 15. Be3 Nh5
16. Rg1 Bf6 17. a5 O-O-O 18. Na4 Kb8 19. Nb6 Qe7 20. b4 f4 21. Bf2 fxg3 22. Be3
Nf4 23. bxc5 Rxh4 24. Ne6 N8xe6 25. dxe6 dxc5 26. Nd7+ Ka8 27. Bxc5 Qxe6 28.
Nb6+ Kb8 29. Bd3 Rh2 30. Rxg3 Bh4 31. Bf2 Bxg3 32. Bxg3 Rh1+ 33. Kf2 Rxd1 34.
Rxd1 Nxd3+ 35. cxd3 Qf6+ 36. Ke1 Rh8 37. Bxe5+ Qxe5 38. Nd7+ Kc7 39. Nxe5 Rh1+
40. Ke2 Rh2+ 41. Ke3 Ra2 42. Nc4 g3 43. Rg1 g2 44. Kf3 Rc2 45. Rxg2 Rc3 46. Ke3
Rb3 47. Rxg6 Rb1 48. Kd4 Rf1 49. Kd5 Rf7 50. e5 Rd7+ 51. Nd6 Rh7 52. Rf6 Rh5 53.
d4 Kd8 54. Rf8+ Ke7 55. Rf7+ Kd8 56. Rf8+ Ke7 57. Rf1 Rh2 58. Rc1 Ra2 59. Nxb7
Ra4 60. Rc7+ Ke8 61. Nd6+ Kd8 62. Rc5 Kd7 63. Ne4 Ke7 64. Nf6 Kd8 65. Kc6 Ke7
66. Rd5 Rc4+ 67. Kb6 Rb4+ 68. Kxa6 Ke6 69. Rd6+ Ke7 70. Nd5+ Ke8 71. Nxb4 Ke7
72. Nd5+ Ke8 73. Kb6 Kf7 74. a6 Ke8 75. a7 Kf7 76. a8=Q Kg7 77. Qe8 Kh7 78. Qg6+
Kh8 79. Rd8# 1-0

[Event "Women's Speed Chess Q2"]
[Site "chess.com INT"]
[Date "2021.05.29"]
[Round "13"]
[White "Marjanovic, Annamaria"]
[Black "Frayna, Janelle Mae"]
[Result "0-1"]
[WhiteTitle "WGM"]
[BlackTitle "WGM"]
[WhiteElo "2338"]
[BlackElo "2179"]
[WhiteFideId "750930"]
[BlackFideId "5212499"]
[EventDate "2021.05.29"]

1. c4 c6 2. g3 d5 3. Nf3 Nf6 4. Bg2 g6 5. b3 Bg7 6. Bb2 O-O 7. O-O Qb6 8. cxd5
cxd5 9. d3 Nc6 10. Nbd2 Bg4 11. h3 Bd7 12. Rc1 Rfc8 13. a3 Re8 14. Qc2 Nh5 15.
Bxg7 Kxg7 16. Qb2+ Kg8 17. Ne5 Nxe5 18. Qxe5 Bc6 19. a4 Rad8 20. g4 Ng7 21. Kh1
f6 22. Qc3 e5 23. e3 Kh8 24. d4 e4 25. Qc5 f5 26. a5 Qxc5 27. Rxc5 f4 28. Rfc1
Ne6 29. R5c3 Rf8 30. Kg1 a6 31. b4 Bb5 32. Bf1 Ng5 33. Bxb5 axb5 34. Kg2 fxe3
35. fxe3 Nf3 36. Nf1 Rd7 37. Rc8 Rxc8 38. Rxc8+ Kg7 39. Rb8 Ne1+ 40. Kg3 Nd3 41.
Nd2 Nxb4 42. Nb3 Rf7 43. Nc5 Na6 44. Ra8 Nxc5 45. dxc5 Rc7 46. Rb8 b4 47. c6
bxc6 48. Rxb4 c5 49. Ra4 Kf6 50. a6 Ra7 51. Ra5 Ke5 52. Rxc5 Rxa6 53. Rc7 Ra3
54. Kf2 Ra2+ 55. Kf1 d4 56. Rc5+ Kd6 57. exd4 Rh2 58. Rc3 Kd5 59. Kg1 Kxd4 60.
Ra3 Rd2 61. Kf1 Rd3 62. Ra7 Rxh3 63. Rd7+ Ke3 64. Kg2 Rh4 65. Kg3 Rh1 66. Kg2
Rh4 67. Kg3 g5 68. Rd5 h6 69. Rd6 Ke2 70. Re6 e3 71. Rd6 Ke1 72. Re6 e2 73. Kf3
Rh2 74. Ra6 Kf1 75. Ra2 Rf2+ 76. Kg3 e1=Q 77. Rxf2+ Qxf2+ 78. Kh3 Qf3+ 79. Kh2
Qxg4 80. Kh1 Qg2# 0-1

[Event "Women's Speed Chess Q2"]
[Site "chess.com INT"]
[Date "2021.05.29"]
[Round "13"]
[White "Avramidou, Anastasia"]
[Black "Tokhirjonova, Gulrukhbegim"]
[Result "1/2-1/2"]
[WhiteTitle "FM"]
[BlackTitle "WGM"]
[WhiteElo "2238"]
[BlackElo "2350"]
[WhiteFideId "4239873"]
[BlackFideId "14203626"]
[EventDate "2021.05.29"]

1. d4 e6 2. c4 b6 3. Nc3 Bb4 4. Nf3 Bb7 5. g3 f5 6. Bg2 Nf6 7. O-O O-O 8. d5 Na6
9. Nd4 Bxc3 10. bxc3 Nc5 11. Ba3 Nfe4 12. dxe6 Nxc3 13. Qc2 Bxg2 14. Kxg2 N3e4
15. f3 Nd6 16. exd7 Qxd7 17. Rad1 Rae8 18. Nb5 Re6 19. Rd2 Rfe8 20. Rf2 Qf7 21.
Bxc5 bxc5 22. Nxd6 cxd6 23. Rd5 g6 24. Qd2 Qe7 25. Kf1 Rb8 26. Kg2 Rb4 27. Qd3
Re3 28. Qd2 Rb6 29. Rd3 Re6 30. Rd5 Kf7 31. Kf1 Qf6 32. Kg2 Kg7 33. a4 Rb4 34.
Qd3 Rxa4 35. e4 f4 36. e5 dxe5 37. Rxc5 Ra1 38. Rc7+ Re7 39. Rxe7+ Qxe7 40. Re2
Qf6 41. Qd7+ Kh6 42. Qh3+ Kg7 43. Qd7+ Qf7 44. Qxf7+ Kxf7 45. Rxe5 fxg3 46. hxg3
a5 47. Rb5 a4 48. Ra5 a3 49. c5 a2 50. c6 Ke7 51. c7 Kd7 52. Ra7 Kc8 53. Kh2 h5
54. f4 Kd7 55. Kg2 Kc8 56. Kh2 h4 57. gxh4 Rf1 58. Rxa2 Rxf4 59. Kg3 Rc4 60. Re2
Rc6 61. Re5 Kxc7 62. Kg4 Kd7 63. Kg5 Kd6 64. Re4 Kd5 65. Rf4 Ke5 66. Rf8 Rc1 67.
Re8+ Kd6 68. Kxg6 Rg1+ 69. Kh5 Kd7 70. Re2 Kd6 71. Kh6 Kd7 72. h5 Kd8 73. Re4
Kd7 74. Kh7 Kd6 75. h6 Kd7 76. Re3 Kd8 77. Ra3 Ke7 78. Ra8 Kf7 79. Ra7+ Kf8 80.
Rg7 Rh1 81. Rg5 Rh2 82. Kg6 Kg8 83. Rf5 Rg2+ 84. Rg5 Rf2 85. h7+ Kh8 86. Rf5
Rg2+ 87. Rg5 Ra2 88. Rf5 Rg2+ 89. Kf7 Rg7+ 90. Ke8 Kxh7 91. Rf7 Kg6 92. Rxg7+
Kxg7 1/2-1/2

[Event "Women's Speed Chess Q2"]
[Site "chess.com INT"]
[Date "2021.05.29"]
[Round "13"]
[White "Golubenko, Valentina"]
[Black "Antonova, Nadezhda"]
[Result "0-1"]
[WhiteTitle "WGM"]
[BlackTitle "WFM"]
[WhiteElo "2209"]
[BlackElo "1877"]
[WhiteFideId "4501993"]
[BlackFideId "14700182"]
[EventDate "2021.05.29"]

1. d4 Nf6 2. Nf3 g6 3. g3 Bg7 4. Bg2 O-O 5. O-O d6 6. d5 c6 7. c4 Nbd7 8. dxc6
bxc6 9. Nd4 Bb7 10. Bxc6 Bxc6 11. Nxc6 Qe8 12. Nc3 Nb6 13. Na5 Rc8 14. Be3 Nfd7
15. Rc1 Nxc4 16. Nxc4 Rxc4 17. Bxa7 Qa8 18. Qd5 Rxc3 19. Qxa8 Rxa8 20. bxc3 Rxa7
21. Rc2 Nc5 22. Rb1 Bf6 23. c4 h5 24. f3 Bd4+ 25. Kg2 Kg7 26. f4 Ne4 27. Rb3 Nf6
28. Kf3 e5 29. fxe5 Bxe5 30. c5 dxc5 31. Rxc5 Bd6 32. Rc6 Be7 33. Rc2 Ng4 34. h3
Ne5+ 35. Kg2 h4 36. Re3 Bf6 37. g4 g5 38. Rc5 Ng6 39. Rc2 Nf4+ 40. Kh2 Bd4 41.
Rb3 Re7 42. a4 Nxe2 43. a5 Be5+ 44. Kg2 Nd4 45. Rbc3 Nxc2 46. Rxc2 Ra7 47. Rc5
Bf4 48. Kf3 f6 49. Ke4 Kg6 50. Rb5 Bd2 51. Rd5 Rxa5 52. Rxd2 Ra4+ 53. Kf3 Ra3+
54. Kg2 Rg3+ 55. Kh2 Rf3 56. Kg2 Rf4 57. Re2 Kf7 58. Re3 f5 59. gxf5 Rxf5 60.
Re4 Kf6 61. Re3 Re5 62. Rf3+ Kg6 63. Rd3 Kf5 64. Rf3+ Ke4 65. Ra3 Rd5 66. Ra4+
Rd4 67. Ra5 Kf4 68. Ra2 Re4 69. Rf2+ Ke5 70. Rf3 Re2+ 71. Kf1 Rh2 72. Kg1 Rc2
73. Kf1 Rd2 74. Ke1 Rd4 75. Kf1 Re4 76. Kg2 Re2+ 77. Kg1 Re4 78. Rf2 Rf4 79.
Re2+ Kf5 80. Rd2 g4 81. Kg2 g3 82. Rd5+ Ke4 83. Rd2 Ke3 84. Rd8 Rf2+ 85. Kg1 Rh2
86. Re8+ Kf4 87. Rf8+ Kg5 88. Rg8+ Kf6 89. Rf8+ Kg7 90. Rf4 Rxh3 91. Kg2 Rh2+
92. Kf3 Kg6 93. Rg4+ Kh5 94. Rg8 Rf2+ 95. Ke3 g2 0-1